000 01061nam a2200361 a 4500
003 AR-BaBNM
005 20251128204900.0
008 082120s2002 ||||||||||||||000 | spa||
020 _a84-7112329-0
040 _cAR-BaBNM
100 1 _aSelmi, Lucia
245 0 0 _aLa escuela infantil a los cuatro años
250 _a1ª ed.
260 _aMadrid
_bEdiciones Morata
_c1988
300 _a253 p.
_bil.
490 0 _aEducación infantil y primaria
_vv. 6
500 _aIndice de materias p. 254-255
500 _aPrefacio por Sandra Forghieri y Gianetto Pataccini
650 4 _aNIÑOS DE EDAD PREESCOLAR
650 4 _aEDUCACION DEL NIÑO
650 4 _aDESARROLLO DE DESTREZAS
650 4 _aDESARROLLO DE LA CREATIVIDAD
650 4 _aDESARROLLO COGNOSCITIVO
650 4 _aJUEGOS EDUCATIVOS
650 4 _aPSICOMOTRICIDAD
650 4 _aAMBIENTE FAMILIAR
650 4 _aAMBIENTE SOCIAL
700 1 _aTurrini, Anna
700 1 _aManzano, Pablo
_etraductor
700 1 _aSoler Fiérrez, Eduardo
_eprologuista
942 _cBK
998 _cCarmen
999 _c9183
_d9183